| 000 | 01156nam a2200325 i 4500 | ||
|---|---|---|---|
| 001 | 000024294 | ||
| 003 | DO-SdBNP | ||
| 005 | 20250602145915.0 | ||
| 007 | ta | ||
| 008 | 110126s1975 dr a r 000 0 spa d | ||
| 040 |
_aDO-SdBNP _bspa _cBNPHU _erda |
||
| 041 | _aspa | ||
| 082 | 4 |
_axxxx _bC537l _222 |
|
| 100 |
_aRugenstein-Pahl, _eautor _4aut. _987953 |
||
| 245 | 1 | 0 |
_aChile : _blibro negro / _cPahl-Rugenstein ; editor, Hans-Werner Bartsch, Martha Bushmann, Gerhard Stuby y Erich Wulff ; prólogo, Narciso Isa Conde. |
| 250 | _aSegunda Edición | ||
| 264 | 1 |
_aSanto Domingo : _bEditora Talle, _c1975. |
|
| 300 |
_a221 páginas : _bilustraciones ; _c22 cm. |
||
| 336 |
_atexto _btxt _2rdacontent |
||
| 337 |
_asin mediación _bn _2rdamedia |
||
| 338 |
_avolumen _bnc _2rdacarrier |
||
| 490 | 1 |
_aBiblioteca Taller _v52 |
|
| 590 | _aInventariado, 2025/BT | ||
| 700 | 1 |
_aWerner Bartsch, Hans, _eeditor _4ed. _949862 |
|
| 700 | 1 |
_aBushmann, Martha, _eeditor _4ed. _949863 |
|
| 700 | 1 |
_aStuby, Gerhard, _eeditor _4ed. _949864 |
|
| 700 | 1 |
_aWulff, Erich, _eeditor _4ed. _949865 |
|
| 700 | 1 |
_aIsa Conde, Narciso, _d1942- _eprologuista _4pr. _912387 |
|
| 942 |
_2ddc _cLBS1 |
||
| 999 |
_c23787 _d23787 |
||